| 000 | 00564nam a2200205Ia 4500 | ||
|---|---|---|---|
| 003 | OSt | ||
| 005 | 20230425110337.0 | ||
| 008 | 210423s2012 xx 000 0 und d | ||
| 020 | _a9788121924986 | ||
| 040 | _cAL | ||
| 041 | _aeng | ||
| 082 |
_a510.02 AGGR _223 |
||
| 100 |
_aAGGARWAL (R S ). _992366 |
||
| 245 | _aQuantitative aptitude: for competitive examinations. | ||
| 260 |
_aNew Delhi _bS Chand & Company Ltd _c2012 |
||
| 300 |
_a726 _bPB |
||
| 365 |
_b500 _cINR |
||
| 906 | _aaptitude: ; competitive ; examinations. ; Quantitative | ||
| 942 |
_2ddc _cBK |
||
| 999 |
_c161613 _d161613 |
||